000 00592nam a2200229Ia 4500
003 OSt
005 20221007073033.0
006 a|||||r|||| 00| 0
007 ta
008 221006b |||||||| |||| 00| 0 eng d
024 _a19,381
037 _cTextual
040 _aFLL
_cFLL
_beng
041 _2eng
_aeng
082 _aZ:91, L6
100 _aSmith J.C. Au.
_9688486
245 0 _aLegal obligation
260 _aLondon
_bUniversity of tononto press England
_c1976
300 _a256p
_ccm.
942 _hZ:91, L6
_cTEXL
_2CC
999 _c1147553
_d1147553